| Tag |
First Indicator |
Second Indicator |
Subfields |
| LEADER |
00000cgm a2200000Mi 4500 |
| 001 |
in00005557621 |
| 006 |
m o c |
| 007 |
cr |n||||||||a |
| 007 |
vz |za|z| |
| 008 |
240111s2014 nyu042 e o vleng d |
| 005 |
20241201231030.5 |
| 035 |
|
|
|a (OCoLC)on1420513383
|
| 040 |
|
|
|a ALSTP
|b eng
|e rda
|c ALSTP
|d OCLCO
|d NUI
|
| 019 |
|
|
|a 1430851092
|a 1443959516
|
| 035 |
|
|
|a (OCoLC)1420513383
|z (OCoLC)1430851092
|z (OCoLC)1443959516
|
| 049 |
|
|
|a TXAM
|
| 245 |
0 |
0 |
|a Ancient impossible.
|p Power tools /
|c directors, Stuart Clarke, Bo Channon, David Coward, Stephen Mizelas ; produced by Wild Dream Films for H2 Network.
|
| 246 |
1 |
0 |
|a Power tools
|
| 264 |
|
1 |
|a New York, NY :
|b A&E Television Networks,
|c 2014.
|
| 300 |
|
|
|a 1 online resource (42 minutes)
|
| 306 |
|
|
|a 004119
|
| 336 |
|
|
|a two-dimensional moving image
|b tdi
|2 rdacontent
|
| 337 |
|
|
|a computer
|b c
|2 rdamedia
|
| 337 |
|
|
|a video
|b v
|2 rdamedia
|
| 338 |
|
|
|a online resource
|b cr
|2 rdacarrier
|
| 347 |
|
|
|a video file
|2 rdaft
|
| 490 |
0 |
|
|a Ancient Impossible
|
| 511 |
0 |
|
|a Narrator, Bill Graves.
|
| 588 |
0 |
|
|a Title from resource description page (viewed January 11, 2024).
|
| 520 |
|
|
|a How did the Ancients move impossibly huge objects? Why did the Roman forces at the siege of Masada decide to shift an entire mountain by hand? Episode: Power Tools: These tools are not from the modern world, but are in fact thousands of years old. Most would be lost to time and not again for centuries. How was the ancient world able to create such incredible power tools?
|
| 546 |
|
|
|a In English.
|
| 650 |
|
0 |
|a Power tools
|x History.
|
| 650 |
|
0 |
|a Tools
|x History.
|
| 650 |
|
0 |
|a Civilization, Ancient.
|
| 650 |
|
6 |
|a Outils à moteur
|x Histoire.
|
| 650 |
|
6 |
|a Civilisation ancienne.
|
| 655 |
|
7 |
|a Documentary television programs.
|2 lcgft
|
| 655 |
|
7 |
|a Documentaires télévisés.
|2 rvmgf
|
| 700 |
1 |
|
|a Channon, Bo,
|e director.
|
| 700 |
1 |
|
|a Coward, David
|c (Television director),
|e director.
|
| 700 |
1 |
|
|a Clarke, Stuart
|c (Television director),
|e director.
|
| 700 |
1 |
|
|a Mizelas, Stephen,
|e director.
|
| 710 |
2 |
|
|a Wild Dream Films,
|e production company.
|
| 710 |
2 |
|
|a Arts and Entertainment Network,
|e publisher.
|
| 856 |
4 |
0 |
|u http://proxy.library.tamu.edu/login?url=https://www.aspresolver.com/aspresolver.asp?MARC;5512225
|z Connect to this streaming video (Alexander Street Press)
|t 0
|
| 955 |
|
|
|a Alexander Street Press subscription streaming video
|
| 994 |
|
|
|a 92
|b TXA
|
| 999 |
f |
f |
|s b54cc852-d068-406a-9fc1-10c3bf18d39a
|i 059b6b8e-f469-45ec-903f-d5408672a16d
|t 0
|
| 952 |
f |
f |
|a Texas A&M University
|b College Station
|c Electronic Resources
|d Available Online
|t 0
|h Library of Congress classification
|
| 998 |
f |
f |
|t 0
|l Available Online
|